000 00833cam a22002897a 4500
003 CHAP
005 20220817040912.0
008 971013s1989 r 00010 d
010 _a2429
011 _a3401
035 _a2601
040 _cCHAP
090 _aFolleto 13297
100 0 0 _aAlabama Agricultural Experiment Station.
_93295
245 0 _aOrnamentals
_b: research report 1989
260 _aAuburn, Alabama :
_bThe Station,
_c1989
300 _a26 p.
_b: ilus
490 0 _aResearch report
_v; 6
590 _aBATCH-UPD
_b10
_c20130110
_lUCH01
_h1506
590 _aCONVERSION
_b10
_c20130109
_lUCH01
_h1303
650 1 4 _aFloricultura.
_941822
650 1 4 _aPlantas ornamentales.
830 0 _aResearch report
_v; 6
_996080
901 _aBK
942 _cFOLL
949 _aFolleto 13297
_bBC
_cFOLL
_d-12105
_eTS1
_i2601
_mD
_si
999 _c2429
_d2429